Rivers - Sudden Death - Statistics

General Stats
  • This quiz has been taken 2,097 times
  • The average score is 15 of 26
Answers on the Grid
Answers color-coded by a green-red scale on the quiz's grid according to % correct below.
Aiyana
Amazon
Amur
Atacama
Australian
Basque
Bhojpuri
Chicago
Congo
Danube
Dire
Ebola
Etruscan
Euphrates
Ganges
Ghana
Igbo
Indus
Irrawaddy
Japanese
Jeut
Mackenzie
Mississippi
Niger
Nile
Ob
Paraná
Pearl
Phoenix
Photo
Potomac
Rhane
Rhine
Rhone
Rio Grande
Rio Niagro
Rover
South Nile
Tagus
Vistula
Waldo
Washington
Yangtze
Yenisei
Zambezi
 
Answer Stats
Answer % Correct
Amazon
93%
Danube
79%
Nile
78%
Mississippi
77%
Congo
74%
Ganges
73%
Euphrates
70%
Rio Grande
70%
Rhine
68%
Yangtze
65%
Indus
64%
Potomac
63%
Niger
61%
Ob
53%
Rhone
53%
Zambezi
53%
Amur
51%
Mackenzie
48%
Paraná
44%
Pearl
42%
Vistula
42%
Irrawaddy
37%
Yenisei
32%
Tagus
31%
Chicago
26%
Ebola
19%
No matching quizzes found
Score Distribution
Percent of People with Each Score
Percentile by Number Answered
Your Score History
You have not taken this quiz